भारतीय साहित्य का समेकित इतिहास (Record no. 1848353)

MARC details
000 -LEADER
fixed length control field 01024nam a22002417a 4500
005 - DATE AND TIME OF LATEST TRANSACTION
control field 20260421131359.0
008 - FIXED-LENGTH DATA ELEMENTS--GENERAL INFORMATION
fixed length control field 260421b |||||||| |||| 00| 0 eng d
020 ## - INTERNATIONAL STANDARD BOOK NUMBER
International Standard Book Number 9789380172552 (pbk)
037 ## - SOURCE OF ACQUISITION
Terms of availability TB
040 ## - CATALOGING SOURCE
Original cataloging agency CRL
Transcribing agency CRL
041 ## - LANGUAGE CODE
Source of code hin
Language code of text/sound track or separate title hin
084 ## - COLON CLASSIFICATION NUMBER
Classification number O44v 152R2
Assigning agency CRL
245 ## - TITLE STATEMENT
Title भारतीय साहित्य का समेकित इतिहास
250 ## - EDITION STATEMENT
Edition statement संस्करण 4
260 ## - PUBLICATION, DISTRIBUTION, ETC.
Place of publication, distribution, etc. दिल्ली विश्वविद्यालय, भारत:
Name of publisher, distributor, etc. हिन्दी माध्यम कार्यान्वय निदेशालय,
Date of publication, distribution, etc. 2022.
300 ## - PHYSICAL DESCRIPTION
Extent 719पृ.
365 ## - TRADE PRICE
Price amount 120.00
Currency code INR
650 ## - SUBJECT ADDED ENTRY--TOPICAL TERM
Topical term or geographic name entry element भारतीय साहित्य
650 ## - SUBJECT ADDED ENTRY--TOPICAL TERM
Topical term or geographic name entry element इतिहास
700 ## - ADDED ENTRY--PERSONAL NAME
Personal name नगेन्द्र
Relator term सम्पादक
942 ## - ADDED ENTRY ELEMENTS (KOHA)
Source of classification or shelving scheme Colon Classification (CC)
Koha item type Textbook
Classification part O44v 152R2
Suppress in OPAC No
Edition संस्करण 4
Holdings
Withdrawn status Lost status Source of classification or shelving scheme Damaged status Not for loan Home library Current library Date acquired Source of acquisition Cost, normal purchase price Inventory number Total Checkouts Full call number Barcode Date last seen Price effective from Koha item type
    Colon Classification (CC)     Central Library Central Library 2026-04-21 वी. सी. ऑफिस 120.00 गिफ्ट   O44v 152R2 CL1700345 2026-04-21 2026-04-21 Textbook
Copyright @ Delhi University Library System